000 00671nas a2200229 4500
001 BR2010004872
003 BR-BrBNA
005 20231205114708.0
007 ta
008 230509b bl.|||p| |||| 00| 00por d
040 _aBR-BrBNA
_bpor
_cBiblioteca Nacional de Agricultura
041 _a(Pt)
072 _aP06
100 1 _aNastari, P.M.
245 1 _aSetor sucroalcooleiro; etanol e açúcar em transição no Brasil
650 _aACÚCAR
650 _aETANOL
650 _aRECURSO ENERGÉTICO
773 0 _tAgroanalysis (Brazil)
_xISSN 0100-4298
_g(Aug 2010), v. 30(8) p. 16
_wBR2010004872
909 _a202311
_bLúcia
_c55
_dLúcia Elande
942 _2AGRIS
_n0
_cANA
999 _c210006
_d210006